| 000 | 00702nam a22001697a 4500 | ||
|---|---|---|---|
| 008 | 100412s2008 ua|||||r|||| 000 0 ara d | ||
| 020 | _a9772015960 | ||
| 082 |
_222 _a239 _bش ر ق |
||
| 100 |
_913449 _aالشرقاوي، عبد الرحمن |
||
| 245 |
_aمحمد رسول الحرية/ _cعبد الرحمن الشرقاوي |
||
| 260 |
_aالقاهرة: _bدار الشروق ، 1978 _c1978 |
||
| 300 |
_a435 ؛ ص _c22 سم |
||
| 500 | _aإهداء: علاء عبد الغني | ||
| 650 |
_913450 _aالسيرة النبوية |
||
| 942 |
_2ddc _cBB |
||
| 999 |
_c14115 _d14115 |
||